Regional and subregional physical planning: the role of the quantity surveyors in the threshold analysis technique. A thesis presented in accordance with the requirements of the Heriot-Watt University for the Degree of Master of Science (Record no. 85830)

MARC details
000 -LEADER
fixed length control field 00605cam a2200181 4500
001 - CONTROL NUMBER
control field D6766
008 - FIXED-LENGTH DATA ELEMENTS--GENERAL INFORMATION
fixed length control field 090401t1971 xxu||||| |||| 00| 0 eng d
035 ## - SYSTEM CONTROL NUMBER
System control number (Sirsi) u2894
041 ## - LANGUAGE CODE
Language code of text/sound track or separate title eng
050 ## - LIBRARY OF CONGRESS CALL NUMBER
Classification number 711.3
100 ## - MAIN ENTRY--PERSONAL NAME
Personal name Look, Sai-Hoo Yep-Sang
245 ## - TITLE STATEMENT
Title Regional and subregional physical planning: the role of the quantity surveyors in the threshold analysis technique. A thesis presented in accordance with the requirements of the Heriot-Watt University for the Degree of Master of Science
260 ## - PUBLICATION, DISTRIBUTION, ETC.
Date of publication, distribution, etc. 1971
300 ## - PHYSICAL DESCRIPTION
Extent 201p. 29 1/2cm
350 ## - PRICE (NR) (BK AM CF MU VM SE) [OBSOLETE]
Price 0
942 ## - ADDED ENTRY ELEMENTS (KOHA)
Suppress in OPAC 0
948 ## - LOCAL PROCESSING INFORMATION (OCLC); SERIES PART DESIGNATOR (RLIN)
c (OCLC) 04/03/1997
Holdings
Withdrawn status Lost status Source of classification or shelving scheme Damaged status Not for loan Home library Current library Shelving location Date acquired Total Checkouts Full call number Barcode Date last seen Copy number Price effective from Koha item type
    Dewey Decimal Classification     London London Basement 14/09/1999   SHELF 306 30021836 06/08/2019 1 06/08/2019 Book